000 02137cam a22004454i 4500
003 PE-LiUPU
005 20250731183412.0
008 180702s2016 gw a r 000 0 spa d
020 _a9783775741422
035 _a(Sirsi) a249103
040 _aPE-LiUPU
_bspa
_cPE-LiUPU
_erda
041 1 _aeng
_aspa
049 _aPRUA
082 0 4 _a728.0983
_bE3
_220
245 0 0 _aElemental :
_bmanual de vivienda incremental y diseño participativo = incremental housing and participatory design manual /
_ceditors, Alejandro Aravena, Andrés Iacobelli.
250 _aSegunda edición = Second edition.
264 1 _aOstfildern, Germany :
_bHatje Cantz,
_c2016.
300 _a509 páginas :
_bilustraciones ;
_c24 centímetros
336 _atext
_2rdacontent
337 _aunmediated
_2rdamedia
338 _avolume
_2rdacarrier
505 0 _aLínea de tiempo elemental -- ¿Cúal es el punto? el problema de la vivienda social en pocas palabras -- Principios de elemental -- Marco de operación, política habitacional y reglas del juego -- El primer caso elemental, la quinta monroy en Iquique -- Concurso mundial de arquitectura elemental -- Los 7 proyectos ganadores -- Nuevos proyectos -- Lecciones de socialización recomendaciones para el diseño participativo -- Lecciones esctructurales -- Lecciones de arquitectura.
526 _aP158
526 _aP146
526 _aP17
526 _aP12
526 _aP06
541 _g003-002098;
650 0 4 _aArquitectura, Doméstica
_zChile.
650 0 4 _aSubsidios a la vivienda
_zChile
650 0 4 _aArchitecture, Domestic
_zChile.
650 0 4 _aHousing subsidies
_zChile
700 1 _aAravena, Alejandro,
_eeditor.
700 1 _aIacobelli, Andrés,
_eeditor.
910 _adbm
_bncf
_cncf
_d20180702
942 _2ddc
_cBOOK
994 _aC0
_bPEPRU
596 _a1
999 _a728.0983 E3
_wDEWEY
_c28695
_i78609
_d28695
_e2022-6-28
_f2021-11-30
_g4
_lCCODEBUL1
_mBUL
_n5
_p72.52
_q3
_r0
_sY
_tBOOK
_u2018-7-2
_xINGENIERIA
_PP06
_0COMPRA
_1FCOMPRA
_o.STAFF. Colección Ingeniería y Arquitectura
980 _81
_gALBERTO SANCHEZ Responsable de Automatización